| 000 | 00442nam a2200181Ia 4500 | ||
|---|---|---|---|
| 008 | 180207s9999 xx 000 0 und d | ||
| 020 | _a9781423104438 | ||
| 050 | _bD781 2008 | ||
| 100 | _aDriscoll, Laura. | ||
| 245 | _aThumper's fluffy tail / | ||
| 245 | _cLaura Driscoll | ||
| 250 | _aFirst edition. | ||
| 260 | _aNew York : | ||
| 260 | _bDisney Press, | ||
| 260 | _c2008 | ||
| 300 | _aunpaged : | ||
| 300 | _bcolor illustration ; | ||
| 999 |
_c355180 _d355180 |
||